Statistics for All the -Stans

Click here to take the quiz!

General Stats

  • This quiz has been taken 4 times
  • The average score is 5 of 7

Answer Stats

HintAnswer% Correct
TTajikistan
100%
TTurkmenistan
100%
UUzbekistan
100%
KKazakhstan
75%
PPakistan
75%
AAfganistan
50%
KKyrgzstan
0%

Score Distribution

Percentile by Number Answered

Percent of People with Each Score

Your Score History

You have not taken this quiz